De la ética de la económia a la ética del aguafiestas /
Shranjeno v:
| Glavni avtor: | |
|---|---|
| Format: | Texto |
| Oznake: |
Označite
Brez oznak, prvi označite!
|
MARC
| LEADER | 00000 a a2200000 04500 | ||
|---|---|---|---|
| 001 | 3021 | ||
| 003 | |||
| 040 | |||
| 100 | |a Garnier, Leonardo | ||
| 245 | |a De la ética de la económia a la ética del aguafiestas / |c Leonardo Garnier | ||
| 500 | |a Comentarios al libro: Dela utopía a la política económica: para una ética de las políticas económicas | ||
| 773 | |g volumen 24, número 1; páginas 101-111 | ||
| 999 | |c 22070 |d 22070 | ||
